| 000 | 00357nam a2200097Ia 4500 | ||
|---|---|---|---|
| 008 | 180130s9999 xx 000 0 und d | ||
| 245 |
_cRovee-Collier, Carolyn; Barr, Rachel _aInfant learning and memory |
||
| 260 | _c2014 | ||
| 300 | _aBook title: Blackwell handbook of infant development--Acession number C19029; pages 273-296 | ||
| 650 | _aINFANTS--DEVELOPMENT | ||
| 999 |
_c354029 _d354029 |
||